00681nam a2200181 4500001000700000003000900007005001700016007000300033008004100036100003700077245010700114260003200221300002200253700005100275852003200326999001900358952012200377138545ES-MaACL20250625170243.0t|070214s1967 sp r ||||1| spa d1 aSan Sebastián, Carmen.910230610aQuince misterios, ¿sí o no? / cCarmen San Sebastián ; prólogo de D. Nicolás González Ruiz. aMadrid : bStudium, c1967. a149 p. ; c18 cm.1 aGonzález Ruiz, Nicolás, d1897-1967958946 aES-MaACLjC-33677 bR.64341 c138545d138545 00104070aATENEOMbATENEOMcDEPO2d2008-01-17eSCl0oC-33677p1144165r2023-02-23 00:00:00w2023-02-23yMONOGRAFIA